000 00438nam a2200181Ia 4500
001 19220
005 20260306171728.0
008 260306s9999||||xx |||||||||||||| ||und||
041 _aESP
082 _a658.804
_bV65
100 _aVildósola Basay, Mario Miguel
_eAUT
245 0 _aMarketing entre empresas B2B
260 _c2017
300 _a551 páginas :
_c24 cm.
650 _aGEN
654 _aCAN
942 _cLIB
_dJUS
_fJUS
_2ddc
_n
999 _c19220
_d19220